000 00638nam a22001577a 4500
003 OSt
005 20150920161425.0
008 150920b xxu||||| |||| 00| 0 eng d
040 _cRUA
082 _aAGR KHU 2006 BO33 Or.1
100 _9961
_aKHUN, VICHET
245 _aTHE EFFECT OF DIFFRENT FERTILIZER ON CHINES CABBAGE ON SAND SOIL).ឥទ្ធិពលជីប្រភេទផ្សេងៗក្នា លើដំណាំស្ពៃក្រញាញ់ក្នុងលក្ខខណ្ឌដីល្បាញខ្សាច់).
260 _aPHNOM PHEN
_bRUA
_c2006
300 _aXIII,42P.
_bILL.
_c29CM.
942 _2ddc
_cAGR
999 _c926
_d926